00872naa a2200301 a 450000100080000000500110000800800410001910000190006024500960007926000090017565000150018465000170019965000120021665000090022865000150023765300170025265300250026965300180029470000240031270000150033670000260035170000260037770000200040370000180042370000280044170000170046977300840048615440312009-07-21 2009 bl uuuu u00u1 u #d1 aVERDIAL, M. F. aFisiologia de mudas de morangueiro produzidas em sistema convencional e em vasos suspensos. c2009 aFisiologia aFruticultura aMorango aMuda aProdução aPropagação asistema convencional aVaso suspenso1 aTESSARIOLI NETO, J.1 aMINAMI, K.1 aSCARPARE FILHO, J. A.1 aCHRISTOFFOLETI, P. J.1 aSCARPARE, F. V.1 aBARELA, J. F.1 aSAAVEDRA DEL AGUILA, J.1 aKLUGE, R. A. tRevista Brasileira de Fruticultura, Jaboticabalgv. 31, n. 2, p. 524-531, 2009.